000 00266nam a2200109Ia 4500
005 20251222114338.0
008 251222s1900||||xx |||||||||||||| ||spa||
082 _aDVD0080/H41/2000
245 0 _aAguirre, la cólera de Dios
264 _bHessischer Rundfunk
942 _cDVD
999 _c757
_d757